Les meilleurs buteurs de Premier League - Statistiques

Statistiques générales
  • Ce quiz a été pris 101 fois
  • Le résultat moyen est 1 sur 10
Statistiques - réponses
# Joueurs Buts % Correct
5 Alan Shearer 283
99%
1 Jimmy Greaves 357
6%
7 David Jack 257
2%
3 Dixie Dean 310
2%
6 Charlie Buchan 258
1%
4 Gordon Hodgson 287
1%
10 Hughie Gallacher 246
1%
9 Joe Bradford 248
1%
8 Nat Lofthouse 255
1%
2 Steve Bloomer 317
1%
Aucun quiz correspondant
Distribution des résultats
% des personnes avec chaque résultat
Percentile par nombre de réponses
Votre historique - résultats
Vous n’avez pas pris ce quiz